| 000 | 01101nac a22002651u 4500 | ||
|---|---|---|---|
| 008 | 110704s2010 mau|||||r|||| 001 0 eng d | ||
| 010 | _a99037108 | ||
| 020 | _a0071088083 | ||
| 020 | _a9780071088084 | ||
| 082 | 0 | 0 |
_a621.38275 _bKEI |
| 100 |
_aKeiser, Gerd. _926095 |
||
| 245 | 1 | 0 |
_aOptical Fiber Communications / _cGerd Keiser |
| 250 | _a4th ed. | ||
| 260 |
_aBoston, MA : _bMcGraw-Hill, _c2010 |
||
| 300 |
_axxxii,578p. : _bill. ; _c25 cm. |
||
| 490 |
_926096 _aMcGraw-Hill series in electrical and computer engineering. |
||
| 504 | _aIncludes bibliographical references and index | ||
| 538 | _aSystem requirements for computer laser optical disc: IBM PC with 200 MHz processor, 64 MB of RAM and Windows95, Windows98, or Windows NT. | ||
| 650 | 0 |
_aFiber optics. _926098 |
|
| 653 |
_bEle _cApril2012 _cFebruary2013 |
||
| 650 | 0 |
_926097 _aOptical communications |
|
| 856 | 4 | 2 |
_3Publisher description _uhttp://www.loc.gov/catdir/description/mh023/99037108.html |
| 856 | 4 | 2 |
_3Table of contents _uhttp://www.loc.gov/catdir/toc/mh023/99037108.html |
| 942 |
_cBB _k621.38275 KEI _2ddc |
||
| 999 |
_c16645 _d16645 |
||